[Event "Challenge"]
[Site "http://www.queenalice.com/game.php?id=374075"]
[Date "2008.3.20"]
[Round "-"]
[White "deby"]
[Black "lomantpa"]
[Result "0-1"]
[WhiteElo "985"]
[BlackElo "1141"]

1. Nc3 e5 2. g3 d6 3. Bh3 Nf6 4. Bxc8 Qxc8 5. a4 Qf5 6. Ra3 Nc6 7. h3 e4 8. a5
d5 9. g4 Qe5 10. Ra4 b5 11. Ra3 Bc5 0-1

[Event "Challenge"]
[Site "http://www.queenalice.com/game.php?id=374100"]
[Date "2008.3.20"]
[Round "-"]
[White "rafajeff"]
[Black "lomantpa"]
[Result "1-0"]
[WhiteElo "1613"]
[BlackElo "1156"]

1. e4 e5 2. d4 Bb4+ 3. c3 Ba5 4. b4 Bb6 5. g3 Nf6 6. Bg2 Qe7 7. Ba3 Qd6 8. b5 c5
9. d5 a6 10. Qa4 Ng4 11. c4 h5 12. Bh3 Rh6 13. Ne2 Rf6 14. f4 g6 15. Nbc3 exf4
16. O-O-O a5 17. Bxg4 hxg4 18. gxf4 g5 19. e5 Qe7 20. exf6 Qxf6 21. Rhe1 d6 22.
Ne4 Qa1+ 23. Kd2 Qxa2+ 24. Kc3 Bf5 25. Rd2 Qxd2+ 26. Nxd2 Nd7 27. Ng3+ Kf8 28.
Nxf5 gxf4 29. Ne4 f3 30. Nfxd6 f6 31. Rg1 Ke7 32. Nf5+ Kf7 33. Rxg4 Ne5 34.
Ned6+ Kf8 35. Qd1 Nxg4 36. Qxf3 Ne5 37. Qh5 Kg8 38. Bc1 Rd8 39. Bf4 Rd7 40. Bxe5
Rh7 41. Qe8# 1-0

[Event "Challenge"]
[Site "http://www.queenalice.com/game.php?id=374101"]
[Date "2008.3.20"]
[Round "-"]
[White "lomantpa"]
[Black "rafajeff"]
[Result "0-1"]
[WhiteElo "1149"]
[BlackElo "1734"]

1. e4 e5 2. Nc3 a6 3. Qh5 d6 4. Nd5 g6 5. Qf3 h5 6. d3 Bg4 7. Qf6 Nxf6 8. Bg5
Be7 9. f3 Be6 10. Ne2 Bxd5 11. exd5 Nxd5 12. h4 Nb4 13. Kd1 f6 14. Be3 g5 15. a3
Nd5 16. Bd2 g4 17. Ng3 Qd7 18. Ne4 Qb5 19. a4 Qd7 20. c4 Nb6 21. b3 d5 22. c5
Nc8 23. Bb4 Nc6 24. Bc3 d4 25. Bd2 a5 26. Be2 b6 27. Rc1 Ra6 28. Rf1 f5 29. Ng3
bxc5 30. Rc4 Nb6 31. Rc2 Bxh4 32. Nh1 g3 33. Rb2 f4 34. Kc1 Qe6 35. Re1 Nd5 36.
Rc2 Ncb4 37. Rb2 Qb6 38. Bd1 Nxd3+ 39. Kc2 Nxb2 40. Kxb2 c4 41. Rxe5+ Ne7 42.
Rb5 c3+ 43. Bxc3 dxc3+ 44. Kxc3 Bf6+ 45. Kc2 Qc6+ 46. Kb1 h4 47. Bc2 Qc3 48.
Rb8+ Kd7 0-1

[Event "Let's Play Chess!"]
[Site "http://www.queenalice.com/game.php?id=374746"]
[Date "2008.3.21"]
[Round "-"]
[White "cirilovsk"]
[Black "lomantpa"]
[Result "1-0"]
[WhiteElo "1900"]
[BlackElo "1026"]

1. e4 d6 2. d4 g6 3. c4 h5 4. Nc3 Nf6 5. Nf3 Na6 6. a3 Qd7 7. Bg5 Qe6 8. d5 Qg4
9. h3 Qd7 10. Be2 c6 11. O-O c5 12. e5 dxe5 13. Nxe5 Qf5 14. Nf3 1-0

[Event "AUTO-BEG-199"]
[Site "http://www.queenalice.com/game.php?id=375310"]
[Date "2008.3.22"]
[Round "1"]
[White "hooligan"]
[Black "lomantpa"]
[Result "1-0"]
[WhiteElo "1325"]
[BlackElo "1119"]

1. e4 e5 2. c3 d6 3. c4 c6 4. h4 Nf6 5. f3 Qb6 6. Nh3 Qd4 7. c5 Qe3+ 8. dxe3
Nbd7 9. g4 b6 10. cxd6 c5 11. Nc3 Bxd6 12. Qxd6 Bb7 13. Nb5 Rc8 14. Nxa7 Rb8 15.
Bb5 h5 16. Bxd7+ Nxd7 17. Ng5 Rh6 18. Qd2 f6 19. Ne6 Ra8 20. Nc7+ Kf8 21. Qd6+
Kf7 22. Qxd7+ Kg6 23. Nxa8 Bxa8 24. Qe8+ Kh7 25. Qxa8 hxg4 26. fxg4 f5 27. exf5
g6 28. f6 g5 29. Qb7+ Kg8 30. f7+ Kf8 31. h5 Rh8 32. Rf1 c4 33. Qb8+ Kg7 34.
f8=Q+ Rxf8 35. Qc7+ Kg8 36. h6 Rxf1+ 37. Kxf1 c3 38. bxc3 b5 39. Ba3 b4 40. Rd1
bxa3 41. Rd8# 1-0

[Event "AUTO-BEG-199"]
[Site "http://www.queenalice.com/game.php?id=375311"]
[Date "2008.3.22"]
[Round "1"]
[White "lomantpa"]
[Black "hooligan"]
[Result "0-1"]
[WhiteElo "1100"]
[BlackElo "1381"]

1. c3 e5 2. e4 c5 3. Bc4 Nh6 4. Qh5 g6 5. Qxe5+ Be7 6. Qxh8+ Bf8 7. Qxf8+ Kxf8
8. Nf3 Qf6 9. e5 Qf4 10. b3 Qe4+ 11. Kd1 Ng4 12. Rf1 Nc6 13. Re1 Nxf2# 0-1

[Event "AUTO-BEG-199"]
[Site "http://www.queenalice.com/game.php?id=375322"]
[Date "2008.3.22"]
[Round "1"]
[White "adel596"]
[Black "lomantpa"]
[Result "0-1"]
[WhiteElo "1188"]
[BlackElo "1134"]

1. d4 d5 2. Nc3 e6 3. Nf3 h6 4. e3 c5 5. dxc5 Bxc5 6. a3 Nf6 7. b4 Bd6 8. h4 Nc6
9. g3 h5 10. b5 Ne7 0-1

[Event "Challenge"]
[Site "http://www.queenalice.com/game.php?id=381833"]
[Date "2008.4.3"]
[Round "-"]
[White "lomantpa"]
[Black "Maximus_the_Knight"]
[Result "0-1"]
[WhiteElo "1147"]
[BlackElo "919"]

1. e4 d5 2. f3 d4 3. h3 c5 4. Bc4 Nf6 5. b3 e5 6. d3 h5 7. Bg5 Nc6 8. Bb5 h4 9.
g4 a6 10. Bc4 b5 11. Bd5 Ne7 12. Bxa8 Nh7 13. Bxh4 Be6 14. Bb7 Qa5+ 15. Nd2 Ng6
16. Bg3 Be7 17. h4 Nf6 18. h5 Nd7 19. Ne2 c4 20. Qc1 Qb6 21. Bc8 Nb8 22. dxc4
Bxc8 23. cxb5 Qxb5 24. c4 Qa5 0-1

[Event "Let's Play Chess!"]
[Site "http://www.queenalice.com/game.php?id=385310"]
[Date "2008.4.11"]
[Round "-"]
[White "mhr1989"]
[Black "lomantpa"]
[Result "1-0"]
[WhiteElo "1207"]
[BlackElo "1156"]

1. e3 e5 2. Qf3 f6 3. d4 c6 4. dxe5 Qa5+ 5. Bd2 Bb4 6. c3 Bc5 7. b4 Bxb4 8. cxb4
Qxe5 9. Nc3 g5 10. Qh5+ Kf8 11. Nf3 Qf5 12. e4 Qe6 13. Bd3 d6 14. O-O Nd7 15. b5
Qe5 16. Nxe5 1-0

[Event "Let's Play Chess!"]
[Site "http://www.queenalice.com/game.php?id=385566"]
[Date "2008.4.11"]
[Round "-"]
[White "BobySponja"]
[Black "lomantpa"]
[Result "1-0"]
[WhiteElo "1669"]
[BlackElo "1156"]

1. e4 e5 2. Bc4 d6 3. c3 Nc6 4. Qb3 Nf6 5. Bxf7+ Ke7 6. Nf3 Nxe4 7. d3 Nf6 8.
Bg5 a5 9. Bxf6+ gxf6 10. Bd5 Na7 11. O-O c6 12. Bc4 d5 13. Nbd2 dxc4 14. Qxc4
Qb6 15. Rfe1 Qxb2 16. Nxe5 fxe5 17. Rxe5+ Kd8 18. Rae1 Be7 19. Rxe7 Re8 20. Qd4+
Bd7 21. Qxd7# 1-0

[Event "Latvian gambit !"]
[Site "http://www.queenalice.com/game.php?id=391204"]
[Date "2008.4.22"]
[Round "-"]
[White "lomantpa"]
[Black "christian_labat"]
[Result "0-1"]
[WhiteElo "1147"]
[BlackElo "1766"]

1. Nc3 d5 2. Nf3 d4 3. Ne4 f5 4. Nc5 e6 5. Nd3 Nf6 6. g3 c5 7. c4 Bd6 8. Bh3 Nc6
9. Qa4 Bd7 10. Qb5 Na5 11. b4 Bxb5 0-1

[Event "Challenge"]
[Site "http://www.queenalice.com/game.php?id=401851"]
[Date "2008.5.12"]
[Round "-"]
[White "ORNELAS"]
[Black "lomantpa"]
[Result "1-0"]
[WhiteElo "1639"]
[BlackElo "1151"]

1. d4 Nc6 2. c3 e6 3. Nf3 Nf6 4. g3 d5 5. Bg2 a5 6. Bg5 b6 7. Bxf6 gxf6 8. Qd2
Rg8 9. Qd3 f5 10. Nbd2 Ba6 11. Qe3 Rg6 12. O-O 1-0